Bojovník denník I. čs. armádneho sboru

Bibliographic Details
Format: Journal
Language:Slovak
PhysicalDescription:1 zv. 44 cm
Published: [S.l.] Oddelenie osvety a propagandy I. čs. armádneho sboru 1945
Subjects:

MARC

LEADER 00000cas a2200000 a 4500
001 vtls010300013
003 SK-MaSNL
005 20260228162435.0
008 180405d19451945xo dr|p 0 b0slo
040 |a SNK  |b slo  |c SNK  |e AACR2 
041 0 |a slo 
044 |a xo  |c SK 
072 7 |a 323  |x Vnútropolitický vývoj, politický život  |2 konspekt 
080 |a 323.2  |2 2001 
080 |a 050  |2 2001 
080 |a 355.3  |2 2001 
245 0 0 |a Bojovník  |b denník I. čs. armádneho sboru 
260 |a [S.l.]  |b Oddelenie osvety a propagandy I. čs. armádneho sboru  |c 1945 
300 |a 1 zv.  |c 44 cm 
310 |a Denne 
362 0 |a Roč. I, č. 1 (1945)-č. 43 (1945) 
500 |a Miesto vydania sa neuvádza 
500 |a Tlač sa neuvádza 
650 0 7 |a armáda  |2 SNKPH  |9 1643 
650 0 7 |a protifašistický odboj  |2 SNKPH  |9 4751 
650 0 7 |a druhá svetová vojna (1939-1945)  |2 SNKPH  |9 169657 
655 7 |a vojenské časopisy  |2 SNKPH  |9 265114 
910 |a snk 
916 |a 1945 
999 |c 7880  |d 9810 
952 |0 0  |1 0  |4 0  |7 0  |8 1  |a SNK  |b SNK  |d 1998-08-14  |f 1  |i snkD 1158/64  |l 0  |o snkČSB 1561/1/1945  |p 17A0156218  |r 2005-01-02 00:00:00  |t č. 1-43, neúplné  |w 2026-02-21  |y PREZ  |z č. 15 je neúplné